Osmanlı zaferleri/ (Record no. 19741)
| 000 -BAŞLIK | |
|---|---|
| Sabit Uzunluktaki Kontrol Alanı | 01578nam a22003857a 4500 |
| 001 - KONTROL NUMARASI | |
| Control Dosyası | 0019784 |
| 003 - KONTROL NUMARASI KİMLİĞİ | |
| Kontrol Alanı | KOHA_MİRAKIL |
| 005 - EN SON İŞLEM TARİHİ ve ZAMANI | |
| Kontrol Alanı | 20260207002243.0 |
| 007 - FİZİKSEL TANIM SABİT ALAN - GENEL BİLGİ | |
| Sabit uzunluklu kontrol alanı | ta |
| 008 - SABİT UZUNLUKTAKİ VERİ ÖGELERİ - GENEL BİLGİ | |
| Sabit Alan | 100719b1996 tu |||gr||||#0|||0|tur | |
| 020 ## - ISBN - ULUSLARARASI STANDART KİTAP NUMARASI | |
| Isbn | 9753622198 |
| 040 ## - KATALOGLAMA KAYNAĞI | |
| Özgün Kataloglama Kurumu | TR-BiSEU |
| Kataloglama Dili | tur |
| Çeviri Kurumu | TR-BiSEU |
| Açıklama Kuralları | rda |
| 041 0# - DİL KODU | |
| Metin ya da ses kaydının dil kodu | tur |
| 044 ## - YAYINLAYAN/ÜRETEN KURULUŞUN ÜLKE KODU | |
| ISO country code | tu |
| 050 ## - SINIFLAMA ve YER NUMARASI | |
| Sınıflama Numarası | DR448 |
| Yer Numarası | .A48 1996 |
| 100 1# - KİŞİ ADI | |
| Yazar Adı (Kişi adı) | Altınay, Ahmed Refik. |
| 245 1# - ESER ADI BİLDİRİMİ | |
| Başlık | Osmanlı zaferleri/ |
| Sorumluluk Bildirimi | Ahmed Refik Altınay ; Ahmed Refik; sadeleştiren: Dursun Gürlek. |
| 264 #1 - ÜRERİM, YAYIN, DAĞITIM ve TELİF BİLDİRİMİ | |
| Yayın yeri | İstanbul : |
| Yayınlayan | Timaş yayınları |
| Yayın tarihi | 1996 |
| 300 ## - FİZİKSEL TANIMLAMA | |
| Sayfa, Cilt vb. | 187 sayfa: resimli, harita; 21 cm. |
| 336 ## - İÇERİK TÜRÜ | |
| Content type term | metin |
| Content type code | txt |
| Source | rdacontent |
| 337 ## - MEDYA TÜRÜ | |
| Media type term | aracısız |
| Media type code | n |
| Source | rdamedia |
| 338 ## - TAŞIYICI TÜRÜ | |
| Carrier type term | cilt |
| Carrier type code | nc |
| Source | rdacarrier |
| 490 1# - DİZİ BİLDİRİMİ | |
| Dizi Bildirimi | Timaş yayınları ; |
| Cilt Numarası | 297. |
| 490 1# - DİZİ BİLDİRİMİ | |
| Dizi Bildirimi | Osmanlı dizisi ; |
| Cilt Numarası | 1. |
| 500 ## - GENEL NOT | |
| Genel Not | Kaynakça var. |
| 505 ## - İÇİNDEKİLER NOTU | |
| İçindekiler Notu | Askerlik Osmanlıların'ın seçkin bir özelliğidir' diyerek kitabına başlayan ünlü Osmanlı Tarihçisi Ahmed Refik, Osmanlıca yazma eserlerinden yararlanarak, tarihimizin kahramanlık sayfalarını anlatıyor. 'Osmanlıların Savaş Yöntemi'nin incelendiği kitapta, Kosava'dan Mohaç'a zafer geçitlerini renkli resimleriyle beraber izliyoruz. |
| 650 #0 - KONU BAŞLIĞI EK GİRİŞ - KONU TERİMİ | |
| Konusal terim veya coğrafi ad | Turkey--Military history. |
| 9 (RLIN) | 44024 |
| 650 #0 - KONU BAŞLIĞI EK GİRİŞ - KONU TERİMİ | |
| Konusal terim veya coğrafi ad | Turkey--History--Ottoman Empire, 1288-1918. |
| 9 (RLIN) | 4433 |
| 650 #0 - KONU BAŞLIĞI EK GİRİŞ - KONU TERİMİ | |
| Konusal terim veya coğrafi ad | Türkiye--Askeri tarih. |
| 9 (RLIN) | 40866 |
| 650 #0 - KONU BAŞLIĞI EK GİRİŞ - KONU TERİMİ | |
| Konusal terim veya coğrafi ad | Türkiye--Tarih--Osmanlı İmparatorluğu, 1288-1918. |
| 9 (RLIN) | 12229 |
| 830 1# - SERİ EK GİRİŞİ - TEKBİÇİM ESER ADI | |
| Tekbiçim Başlık | Timaş yayınları ; |
| Volume number/sequential designation | 297. |
| 9 (RLIN) | 8079 |
| 830 1# - SERİ EK GİRİŞİ - TEKBİÇİM ESER ADI | |
| Tekbiçim Başlık | Osmanlı dizisi ; |
| Volume number/sequential designation | 1. |
| 9 (RLIN) | 44025 |
| 907 ## - LOCAL DATA ELEMENT G, LDG (RLIN) | |
| a | Tarih |
| 942 ## - EK GİRİŞ ÖGELERİ (KOHA) | |
| Source of classification or shelving scheme | Library of Congress Classification |
| Koha item type | Book |
| Materyal Türü | Kalıcı Konum | Mevcut Konum | Raf Yeri | Sınıflandırma Kaynağı | Edinim Bilgisi | Ana Konular | Alt Konular | Yer Numarası | Demirbaş Numarası | Fatura Tarihi | Maliyet, Alış Fiyatı | Maliyet, Yenileme Fiyatı | Geri Çekilme Durumu | Kayıp Durumu | Hasarlı Durumu | Kredi için değil | Kayıt Tarih | Toplam Ödünçverme | Son Görülme Tarihi | Son Kontrol Tarihi | Genel / Bağış Notu |
|---|---|---|---|---|---|---|---|---|---|---|---|---|---|---|---|---|---|---|---|---|---|
| Book | Prof. Dr. Azmi Özcan Kütüphanesi | Prof. Dr. Azmi Özcan Kütüphanesi | Uluğbey Salonu | Library of Congress Classification | Bağış | DÜNYA TARİHİ (AVRUPA, ASYA, AFRİKA VB.) | Balkan Yarımadası | DR448 .A48 1996 | 0019784 | 13/08/2010 | 3.50 | 3.50 | 19/07/2010 | 1 | 05/12/2024 | 05/12/2024 | Genel Bağış |
